The terrestrial air-breathing mollusks of the United States : and the adjacent territories of North America /

Bibliographic Details
Main Author: Binney, Amos, 1803-1847
Other Authors: Gould, Augustus A. (Augustus Addison), 1805-1866
Format: Book
Language:English
Published: Boston : C. C. Little and J. Brown [etc.], 1851-57.
Subjects:

MARC

Tag First Indicator Second Indicator Subfields
LEADER 00000cam a2200000 4500
001 in00000665774
005 20151015085942.0
008 801007r18511851miuaf a 00010 eng d
035 |a (OCoLC)06796192 
035 |9 ACY3753AM 
040 |a EEU  |c TXA  |d UtOrBLW 
049 |a TXAI 
090 |a QL411  |b .B59 
099 |a film  |a B  |a 1512  |a reel  |a 323.8 
100 1 |a Binney, Amos,  |d 1803-1847. 
245 1 4 |a The terrestrial air-breathing mollusks of the United States :  |b and the adjacent territories of North America /  |c described and illustrated by Amos Binney. Ed. by Augustus A. Gould. 
264 1 |a Boston :  |b C. C. Little and J. Brown [etc.],  |c 1851-57. 
300 |a  volumes :  |b illustrations, 192 plates (88 color) ;  |c 30 cm. 
336 |a text  |b txt  |2 rdacontent 
337 |a microform  |b h  |2 rdamedia 
338 |a microfilm reel  |b hd  |2 rdacarrier 
500 |a Large paper. 
500 |a Imprint of volume 3: Boston, Little, Brown and Company, 1857. 
500 |a Volumes 1-2: text; volume 3 (40 pages, LXXIV (i.c. 88) col. pl.) contains a duplicate set of plates in black and white. 
500 |a Volumes 4-5 were issued later by W. G. Binney. 
500 |a "Alphabetical catalogue of authors": volume 1, pages [9]-17. 
500 |a Microfilm. Ann Arbor, Mich. University Microfilms (n.d.) (American Culture Series, Reel 323.) 
500 |a Microform. 
650 0 |a Pulmonata. 
650 0 |a Mollusks  |z North America. 
700 1 |a Gould, Augustus A.  |q (Augustus Addison),  |d 1805-1866. 
999 |a MARS 
999 f f |s 32911c71-1258-35dd-a6c7-22d202b73a58  |i 8844aa02-f0c5-3c73-8aaa-eea442205b98  |t 0 
952 f f |p default  |a Texas A&M University  |b College Station  |c Sterling C. Evans Library  |d Evans: Microforms (3rd floor)  |t 0  |e film B 1512 reel 323.8  |h Other scheme  |i microform -- microfilm reel 
998 f f |a film B 1512 reel 323.8  |t 0  |l Evans: Microforms (3rd floor)